Statistics for Biggest Asian "K" Cities by Picture

Click here to take the quiz!

General Stats

  • This quiz has been taken 49 times
  • The average score is 9 of 16

Answer Stats

Answer% Correct
Karāchi
100%
Kuala Lumpur
100%
Kābul
98%
Kolkata
93%
Kuwait City
89%
Kōbe
76%
Kūnmíng
63%
Kānpur
52%
Kaohsiung
52%
Kowloon
52%
Kochi
37%
Kawasaki
35%
Karaj
20%
Kozhikode
20%
Kūnshān
17%
Kannur
11%

Score Distribution

Percentile by Number Answered

Percent of People with Each Score

Your Score History

You have not taken this quiz